000 00950nam a2200337Ia 4500
008 170203s9999 xx 000 0 und d
020 _a8188370789
050 _a520
050 _bF699
100 _aFord, Harry
245 _aOuter space /
245 _cwritten by Harry Ford and Kay Barnham.
260 _aNew Delhi :
260 _bYoung Learner Publication.
300 _a32 pages :
300 _billustrations (some color) ;
300 _c29 cm.
300 _e1 CD-ROM.
440 _aKnowledge masters.
500 _aIncludes index; Internet linked--cover,
650 _aAstronomy --
650 _aBlack holes --
650 _aChildren's questions and answers.
650 _aOuter space -- Exploration --
650 _aUniverse --
650 _xJuvenile literature.
650 _xJuvenile literature.
650 _xJuvenile literature.
650 _xJuvenile literature.
700 _aBarnham, Kay. Author.
999 _c305746
_d305746